| 000 | 00443nam a22001697a 4500 | ||
|---|---|---|---|
| 003 | NUST - PNEC | ||
| 005 | 20170116180840.0 | ||
| 008 | 150819b xxu||||| |||| 00| 0 eng d | ||
| 020 | _a- | ||
| 040 | _cLIBRARY | ||
| 082 | _a297.6 GHA | ||
| 100 |
_95306 _aGhazali, Imam Mohammad |
||
| 245 |
_aMukasyafatul qulub : Translation of Aziz ul qulub (Urdu) _cimam ghazali |
||
| 260 | _cc1990 | ||
| 650 |
_95308 _aIslam _xGeneral |
||
| 942 |
_2ddc _cBK |
||
| 999 |
_c64372 _d64372 |
||